Prénoms filles données en France1900-2024 #2 - Statistiques

Statistiques générales
  • Ce quiz a été pris 589 fois
    335 depuis la dernière actualisation
  • Le résultat moyen est 88 sur 349
Statistiques - réponses
Hint Réponse % Correct
E Emma / Ema
80%
E Elisa / Eliza
77%
J Julie
76%
D Danielle / Danièle
73%
E Élise / Elyse
73%
E Eva
73%
F Flore
73%
J Juliette
73%
J Jeanne
72%
F Françoise
71%
F Florence
69%
H Hélène
69%
E Elya / Elia
68%
E Emilie / Emily
68%
E Eve
68%
F Fabienne
68%
J Julia
68%
E Ella / Ela
67%
K Karine
67%
I Isabelle / Isabel
66%
D Denise
65%
D Dominique
65%
J Justine
65%
F Fanny / Fany / Fannie
64%
F Flora
64%
I Ines
64%
J Jade
64%
E Éloïse
63%
D Delphine
61%
E Elena
61%
E Estelle
61%
G Gabrielle
61%
G Gaëlle / Gaële
61%
H Helena
61%
I Iris
60%
E Ellie / Elly
59%
H HéloÏse
59%
D Diane
58%
E Emmy / Emy / Emmie
57%
E Erine / Erin
57%
F France
57%
H Henriette
57%
E Évelyne/ Eveline
56%
F Francine
56%
E Elisabeth / Elizabeth
55%
E Emmanuelle
55%
F Fiona
54%
G Géraldine
53%
E Elsa / Elza
52%
G Germaine
52%
G Georgette
51%
G Gisèle / Giselle
51%
D Dorothée
50%
D Dorothy
50%
E Elina / Elyna
50%
E Elodie / Elody
50%
E Emeline
50%
F Flavie / Flavy
50%
I Ilona / Ilonna
50%
J Jeannine / Jeanine
50%
E Emilia
49%
J Josiane/ Josianne
49%
D Diana
48%
F Frédérique
48%
G Ginette
48%
J Jennifer / Jennyfer
48%
E Eliane
47%
F Faustine
47%
D Dora
46%
D Doriane / Dorianne
46%
J Joséphine
46%
E Éléa
45%
E Éléonore
45%
E Eline / Elyne / Elyn
45%
F Fleur
45%
G Giulia
45%
H Huguette
45%
J Jacqueline
45%
D Daniella / Daniela
44%
D Daphnée / Daphné
44%
H Hana / Hannah
44%
H Hortense
44%
J Josette
44%
K Kelly
44%
D Dina
43%
F Floriane
43%
J Jasmine
42%
J Jessica
42%
J Johanna / Johana/ Joana
42%
E Enora / Enorah
41%
J Judith
41%
K Kenza
41%
D Dalia / Dhalia
40%
D Dana
40%
E Evy / Evie
40%
K Katia / Kathia
40%
E Erica / Erika
39%
I Irène
39%
J Julienne
39%
F Félicie/ Félicy
38%
F Fernande
38%
G Gertrude
38%
G Gwendoline
38%
D Dorine
37%
E Emilienne
37%
J Joëlle
37%
D Dany
36%
G Garance
36%
G Ghislaine
36%
G Gwenaëlle
36%
I Isabella
36%
J Jocelyne
36%
E Eugénie
35%
G Gloria
35%
E Esther
34%
J Jenny
34%
K Kathy / Kathie / Katy
34%
G Gilberte
32%
G Gladys / Glawdys
32%
I Inaya
32%
J Jeanette
32%
J Joy
32%
E Eglantine
31%
F Florine
31%
G Gabriella / Gabriela
31%
I Irma
31%
J Jane
31%
J Josée
30%
D Déborah
29%
E Edith
29%
K Kate
29%
K Kim
29%
E Eden
28%
E Esmée
28%
G Gaétane
28%
G Grâce
28%
I Ingrid
28%
E Eliana / Elianna
27%
E Ernestine
27%
H Honorine
27%
D Dounia
26%
F Fatima
26%
F Francesca / Fransqua/ Fransceska
26%
I Imane
26%
D Davina
25%
E Esméralda
25%
F Francette
25%
H Hanaé
25%
H Hermione
25%
I Ilyana / Ilyanna
25%
I Irina
25%
J Juliana / Julianna
25%
K Karen
25%
K Kelia / Kelya
25%
D Dolly
24%
E Edwige
24%
F Flavia
24%
G Gina
24%
J Josépha
24%
J Juliane
24%
D Dalila
23%
D Domitille
23%
I Ida
23%
J Jessie / Jessy
23%
K Karima
23%
D Daisy
22%
F Felicia
22%
G Georgia
22%
K Karla
21%
K katherine
21%
D Doris
20%
E Enola
20%
J Jenna / Jennah
20%
D Daria
19%
D Désirée
19%
E Edmonde
18%
G Gaby
18%
H Hermine
18%
J Jeanne Marie
18%
F Fantine
17%
F Farah
17%
F Florentine
17%
I Imen
17%
I Isis
17%
J Johanne / Joanne
17%
J Joyce
17%
D Debby
16%
E Eda
16%
E Éléana
16%
E Etiennette
16%
G Guylaine
16%
I Ivana
16%
J Josèphe
16%
K Kamila
16%
E Elona
15%
E Elvire
15%
E Eulalie
15%
F Félicité
15%
I Irena
15%
I Isia / Izia
15%
K Kathleen
15%
K Kimberley
15%
D Dania
14%
D Donia
14%
F Fernanda
14%
I Ilana
14%
K Kiara
14%
D Danaé
13%
E Éléanor
13%
H Hildegarde
13%
J Jordana
13%
E Esma
12%
G Genièvre
12%
J Jill
12%
F Fatoumata
11%
F Florie
11%
F Frida
11%
G Gaïa
11%
K Kali
11%
F Farida
10%
J Juline
10%
K Kloé
10%
E Edwina
9%
E Evangeline
9%
G Greta
9%
H Hilona
9%
H Holly
9%
J Jodie / Jody
9%
K Kassandra
9%
K Kimberly
9%
D Dolorès
8%
E Eloane
8%
E Ethel
8%
F Fauve
8%
F Francia
8%
H Harmonie / Harmony
8%
I Isaline
8%
J Jeannie
8%
F Federica / Federika
7%
G Giuliana
7%
J June
7%
K Kamélia
7%
K Krystel / Kristel
7%
D Divine
6%
D Donatienne
6%
E Enea
6%
E Eya
6%
F Fanta
6%
F Fatma
6%
G Georgine
6%
G Gersende / Gersande
6%
G Gervaise
6%
G Ginny
6%
G Graziela / Graziella
6%
G Gwenn
6%
H Hava
6%
H Heïdi
6%
H Hillary
6%
I Indra
6%
I Ivy
6%
J Jacynthe
6%
J Janna
6%
J Judicaëlle
6%
K Kayla
6%
K Kessy
6%
K Kira
6%
E Emna
5%
E Erza
5%
G Gemma
5%
H Hafida
5%
H Hermance
5%
H Hind
5%
H Hyacinthe
5%
I Imany
5%
I Isaure
5%
D Dayana
4%
D Dune
4%
E Eïleen
4%
E Ellen
4%
F Fatiha
4%
G Gianna
4%
G Gilette
4%
H Hafsa
4%
H Halima
4%
H Hema
4%
H Hina
4%
I Isée
4%
J Jolene
4%
K Karelle
4%
K Ketty
4%
D Destiny
3%
E Elif
3%
E Emma Lou
3%
E Evanne
3%
F Fadila
3%
F Fidji
3%
F Florentina
3%
F France Lise
3%
F Franciane
3%
G Genevièvre
3%
G Grâcieuse
3%
G Gretel
3%
H Haby
3%
H Hailey
3%
H Hawa
3%
H Hedwig/ Hedwige
3%
I Ikram
3%
I Inola
3%
J Juanita
3%
J Julie Anne
3%
K Kataleya
3%
D Djennah
2%
D Dorsaf
2%
E Elaïa
2%
E Else
2%
E Emerance
2%
E Emma Rose
2%
F Fallone
2%
F Francille
2%
F Freya
2%
G Guilemette
2%
H Hakima
2%
H Hazel
2%
H Hella
2%
H Henria
2%
H Hidaya
2%
I Idrissa
2%
I Isra
2%
J Joaquina
2%
K Kaitlyn
2%
K Keyla
2%
D Dayena
1%
E Eliyah
1%
E Elwenn
1%
E Emmylou
1%
E Evanna
1%
F Felixiane
1%
F Ferdaws
1%
F Florella
1%
F Florelle
1%
F Fortuné
1%
G Gracielle
1%
H Hayat
1%
H Hope
1%
I Irmène
1%
J Jeannick
1%
K Kalys
1%
K Katwell
1%
K Kadija
0%
Aucun quiz correspondant
Distribution des résultats
% des personnes avec chaque résultat
Percentile par nombre de réponses
Votre historique - résultats
Vous n’avez pas pris ce quiz depuis la dernière actualisation